[Event "Solina Mind Sports U14 op"]
[Site "Solina"]
[Date "2012.04.17"]
[Round "3"]
[White "Karwowski, Kacper"]
[Black "Piotrowski, Przemyslaw"]
[Result "0-1"]
[WhiteElo "1824"]
[BlackElo "1991"]
[PlyCount "104"]
[EventDate "2012.04.15"]
[EventType "swiss"]
[EventRounds "9"]
[EventCountry "POL"]
[SourceTitle "OM OTB B 201907"]
[Source "Opening Master"]
[SourceDate "2019.07.06"]
[SourceVersion "2"]
[SourceVersionDate "2019.07.06"]
[SourceQuality "1"]

1. e4 c5 2. Nf3 d6 3. d4 cxd4 4. Nxd4 Nf6 5. Nc3 Nc6 6. Be2 e5 7. Nf3 Be7 8.
O-O h6 9. Re1 O-O 10. h3 Be6 11. Bf1 Rc8 12. Nd5 Bxd5 13. exd5 Nb4 14. c4 a5
15. a3 Na6 16. Be3 Nd7 17. Rb1 f5 18. b4 Bf6 19. c5 f4 20. Bd2 axb4 21. c6 Ndb8
22. cxb7 Rc7 23. Bxb4 Rxb7 24. Qd3 Nxb4 25. axb4 Qb6 26. Nd2 Bh4 27. Re2 Rbf7
28. Nc4 Qa7 29. Qf3 Qe7 30. b5 Nd7 31. b6 Nc5 32. Nd2 Rb8 33. Ne4 Nxe4 34. Rxe4
Qd8 35. Reb4 Rfb7 36. Qb3 Qg5 37. Ba6 f3 38. Qxf3 Rf7 39. Qg4 Qxg4 40. hxg4
Bxf2+ 41. Kh1 Bc5 42. R4b3 Rf4 43. Be2 h5 44. b7 hxg4 45. Rg3 Kf7 46. Bxg4 Rxg4
47. Rf3+ Rf4 48. Rxf4+ exf4 49. g3 f3 50. Rb2 Rh8+ 51. Rh2 Rxh2+ 52. Kxh2 Ba7
0-1

[Event "Solina Mind Sports U14 op"]
[Site "Solina"]
[Date "2012.04.16"]
[Round "2"]
[White "Osinski, Kamil"]
[Black "Tomczak, Mikolaj"]
[Result "0-1"]
[WhiteElo "1719"]
[BlackElo "1836"]
[PlyCount "126"]
[EventDate "2012.04.15"]
[EventType "swiss"]
[EventRounds "9"]
[EventCountry "POL"]
[SourceTitle "OM OTB B 201907"]
[Source "Opening Master"]
[SourceDate "2019.07.06"]
[SourceVersion "2"]
[SourceVersionDate "2019.07.06"]
[SourceQuality "1"]

1. e4 c5 2. Nf3 Nc6 3. d4 cxd4 4. Nxd4 Nf6 5. Nc3 d6 6. Be2 e5 7. Nf3 h6 8. O-O
Be7 9. Be3 O-O 10. Qd2 Be6 11. Rad1 a6 12. Ne1 Rc8 13. Kh1 Qc7 14. f4 exf4 15.
Bxf4 Ne5 16. Qd4 Rfd8 17. Nd5 Bxd5 18. exd5 Nfd7 19. c3 Bf6 20. Qf2 Qc5 21. Qg3
Kf8 22. Be3 Qc7 23. Nf3 Nxf3 24. Rxf3 Be5 25. Qh4 Re8 26. g4 Bf6 27. Qf2 Qd8
28. Rf5 Qe7 29. Rf3 Bg5 30. Bxg5 hxg5 31. Rh3 g6 32. Bd3 Kg7 33. Rf1 Ne5 34.
Qd4 Rh8 35. Rhf3 Rhf8 36. Kg2 Qc7 37. Rf6 Qc5 38. Qe4 Rc7 39. Bc2 Rd8 40. R1f2
Qc4 41. h3 Qxe4+ 42. Bxe4 Rc4 43. Bc2 Rc5 44. Be4 Rd7 45. Rf1 Nc4 46. R1f2 Nxb2
47. R6f3 Nd1 48. Rc2 Rdc7 49. Rd3 Nxc3 50. Bf3 Nxd5 51. Rxc5 Nf4+ 52. Kg3 dxc5
53. Rc3 Ne6 54. Bd5 Nd4 55. Kf2 b5 56. Ke3 f5 57. gxf5 gxf5 58. Kd3 Kf6 59. Ra3
Ra7 60. Ra5 Ke5 61. Bg2 f4 62. Kc3 f3 63. Bf1 Nc6 0-1

[Event "SRB Kadetski festival U16 6th"]
[Site "Vrnjacka Banja"]
[Date "2012.04.15"]
[Round "8"]
[White "Zivanovic, Blagoje"]
[Black "Dimic, Pavle"]
[Result "1/2-1/2"]
[WhiteElo "1669"]
[BlackElo "2071"]
[PlyCount "33"]
[EventDate "2012.04.10"]
[EventType "swiss"]
[EventRounds "9"]
[EventCountry "SRB"]
[SourceTitle "OM OTB B 201907"]
[Source "Opening Master"]
[SourceDate "2019.07.06"]
[SourceVersion "2"]
[SourceVersionDate "2019.07.06"]
[SourceQuality "1"]

1. e4 c5 2. Nf3 Nc6 3. d4 cxd4 4. Nxd4 Nf6 5. Nc3 d6 6. Be2 e5 7. Nf3 h6 8. Be3
Be7 9. O-O Be6 10. Nd2 d5 11. exd5 Nxd5 12. Nxd5 Bxd5 13. Bf3 Be6 14. Ne4 Qc7
15. Nc5 Bc4 16. Re1 Rd8 17. Bxc6+ 1/2-1/2

[Event "Sachsen-ch U16"]
[Site "Sebnitz"]
[Date "2012.04.14"]
[Round "7"]
[White "Dietrich, Franz"]
[Black "Humburg, Philipp"]
[Result "0-1"]
[WhiteElo "1571"]
[BlackElo "1827"]
[PlyCount "72"]
[EventDate "2012.04.10"]
[EventType "swiss"]
[EventRounds "7"]
[EventCountry "GER"]
[SourceTitle "OM OTB B 201907"]
[Source "Opening Master"]
[SourceDate "2019.07.06"]
[SourceVersion "2"]
[SourceVersionDate "2019.07.06"]
[SourceQuality "1"]

1. e4 c5 2. Nf3 Nc6 3. d4 cxd4 4. Nxd4 Nf6 5. Nc3 d6 6. Be2 e5 7. Nb3 Be6 8.
Be3 a6 9. a4 a5 10. f3 Be7 11. O-O O-O 12. Nd5 Bxd5 13. exd5 Nb4 14. c4 b6 15.
Nd2 Nd7 16. f4 exf4 17. Bxf4 Nc5 18. Nf3 Bf6 19. Rb1 Qd7 20. b3 Rfe8 21. Re1
Ne4 22. Bd2 Nc3 23. Bxc3 Bxc3 24. Rf1 Re3 25. Rf2 Rae8 26. Bf1 Qe7 27. Rc1 Bf6
28. Rb1 Qe4 29. Nd2 Qg6 30. Nf3 Qe4 31. Nd2 Qd4 32. g3 h6 33. Kg2 Bg5 34. h4
Rxg3+ 35. Kxg3 Bxh4+ 36. Kh3 Qxf2 0-1

[Event "Tijuca Schlechter Memorial"]
[Site "Tijuca"]
[Date "2012.04.14"]
[Round "4"]
[White "Manzi, Luiz Antonio Bardao"]
[Black "Teixeira, Ricardo da Silva"]
[Result "0-1"]
[WhiteElo "2137"]
[BlackElo "2255"]
[PlyCount "104"]
[EventDate "2012.03.24"]
[EventType "swiss"]
[EventRounds "6"]
[EventCountry "BRA"]
[SourceTitle "OM OTB B 201907"]
[Source "Opening Master"]
[SourceDate "2019.07.06"]
[SourceVersion "2"]
[SourceVersionDate "2019.07.06"]
[SourceQuality "1"]

1. e4 c5 2. Nf3 Nc6 3. d4 cxd4 4. Nxd4 Nf6 5. Nc3 d6 6. Be2 e5 7. Nb3 Be7 8.
Bg5 Be6 9. Qd2 a5 10. Bb5 O-O 11. O-O h6 12. Bxf6 Bxf6 13. Rad1 Nd4 14. Kh1 Qb6
15. Bd3 a4 16. Nxd4 exd4 17. Ne2 Bxa2 18. Ra1 Be6 19. f4 Rfc8 20. Ng3 Qxb2 21.
Nh5 Bd8 22. Qf2 Bc4 23. Qg3 g6 24. f5 Bxd3 25. fxg6 Bxf1 26. gxf7+ Kxf7 27.
Qg7+ Ke8 28. Rxf1 Be7 29. Qf7+ Kd8 30. Ng7 Kc7 31. Qxe7+ Kb6 32. Nf5 Qb5 33.
Qxd6+ Ka5 34. Ng3 Rxc2 35. h3 Rac8 36. Rf5 R2c5 37. Qxd4 Rxf5 38. Nxf5 Qf1+ 39.
Kh2 Qf4+ 40. Ng3 b5 41. Qa7+ Kb4 42. Qe7+ Kc3 43. Qa3+ Kc4 44. Qb2 Rc5 45. Qc2+
Kb4 46. Qb2+ Ka5 47. Qd4 Qe5 48. Qd8+ Kb4 49. Qd2+ Rc3 50. Qf2 Qxg3+ 51. Qxg3
Rxg3 52. Kxg3 a3 0-1

[Event "Unterfranken-ch M2 63th"]
[Site "Schweinfurt"]
[Date "2012.04.13"]
[Round "8"]
[White "Bauer, Ottmar"]
[Black "Link, Klaus"]
[Result "0-1"]
[WhiteElo "1789"]
[BlackElo "1892"]
[PlyCount "72"]
[EventDate "2012.04.09"]
[EventType "swiss"]
[EventRounds "9"]
[EventCountry "GER"]
[SourceTitle "OM OTB B 201907"]
[Source "Opening Master"]
[SourceDate "2019.07.06"]
[SourceVersion "2"]
[SourceVersionDate "2019.07.06"]
[SourceQuality "1"]

1. e4 c5 2. Nf3 Nc6 3. d4 cxd4 4. Nxd4 Nf6 5. Nc3 d6 6. Be2 e5 7. Nb3 Be7 8.
O-O O-O 9. Be3 Be6 10. Qd2 a5 11. a4 Nb4 12. f4 exf4 13. Rxf4 d5 14. exd5 Nfxd5
15. Nxd5 Qxd5 16. Rd4 Qf5 17. Bd3 Nxd3 18. Rxd3 Bc4 19. Rd7 Bb4 20. c3 Bxb3 21.
cxb4 axb4 22. Rf1 Qe4 23. Rd4 Qe7 24. Rxb4 Bxa4 25. Bb6 Bc6 26. Re1 Qf6 27. Bd4
Qg6 28. Bc3 Rfe8 29. Rxe8+ Rxe8 30. Qf2 Ra8 31. h3 Ra1+ 32. Kh2 h5 33. Rd4 Rc1
34. Rd8+ Kh7 35. Rd2 h4 36. Qg3 Rh1+ 0-1

[Event "Unterfranken-ch M2 63th"]
[Site "Schweinfurt"]
[Date "2012.04.13"]
[Round "7"]
[White "Markert, Markus"]
[Black "Link, Klaus"]
[Result "1-0"]
[WhiteElo "1864"]
[BlackElo "1892"]
[PlyCount "101"]
[EventDate "2012.04.09"]
[EventType "swiss"]
[EventRounds "9"]
[EventCountry "GER"]
[SourceTitle "OM OTB B 201907"]
[Source "Opening Master"]
[SourceDate "2019.07.06"]
[SourceVersion "2"]
[SourceVersionDate "2019.07.06"]
[SourceQuality "1"]

1. e4 c5 2. d4 cxd4 3. Nf3 d6 4. Nxd4 Nf6 5. Nc3 Nc6 6. Be2 e5 7. Nb3 Be7 8.
Be3 Be6 9. Bf3 O-O 10. O-O Na5 11. Bg5 Nxb3 12. axb3 a6 13. Bxf6 Bxf6 14. Qd3
Be7 15. Rfd1 Qc7 16. Rd2 Rac8 17. h3 g6 18. Ra4 Qd7 19. Nd5 Bxd5 20. Qxd5 Qc6
21. c3 Qxd5 22. Rxd5 Rc5 23. Rd1 Rb5 24. b4 Kg7 25. Be2 Rb6 26. Bc4 f5 27. Bd5
fxe4 28. Bxe4 Ra8 29. Ra5 Rf8 30. f3 Kf6 31. Rad5 h6 32. Ra1 Rc8 33. Kf2 g5 34.
Kg3 h5 35. Rh1 Ke6 36. Kf2 Rg8 37. g4 Rh8 38. Rdd1 a5 39. bxa5 Rxb2+ 40. Ke3
hxg4 41. fxg4 Rb5 42. Ra1 d5 43. Bf5+ Kf7 44. a6 Bc5+ 45. Kd2 bxa6 46. Rxa6 Bb6
47. Bd3 Rb2+ 48. Kc1 Rg2 49. Rxb6 Rc8 50. Rf1+ Ke7 51. Rb7+ 1-0

[Event "Sachsen-ch U12"]
[Site "Sebnitz"]
[Date "2012.04.11"]
[Round "2"]
[White "Vogel, Roven"]
[Black "Kreyssig, Bruno"]
[Result "1-0"]
[WhiteElo "1906"]
[BlackElo "1527"]
[PlyCount "89"]
[EventDate "2012.04.10"]
[EventType "swiss"]
[EventRounds "7"]
[EventCountry "GER"]
[SourceTitle "OM OTB B 201907"]
[Source "Opening Master"]
[SourceDate "2019.07.06"]
[SourceVersion "2"]
[SourceVersionDate "2019.07.06"]
[SourceQuality "1"]

1. e4 c5 2. Nf3 Nc6 3. d4 cxd4 4. Nxd4 Nf6 5. Nc3 d6 6. Be2 e5 7. Nb3 Be6 8.
Bf3 a5 9. Be3 Be7 10. Qd2 a4 11. Nc1 Na5 12. b3 axb3 13. axb3 O-O 14. Na4 Nc6
15. Bb6 Qd7 16. O-O d5 17. Qe2 d4 18. Nd3 Bd6 19. g3 Bg4 20. Bxg4 Qxg4 21. f3
Qd7 22. Kg2 Nb4 23. Bc5 Nxd3 24. Bxd6 Qxd6 25. Qxd3 Qc6 26. c4 dxc3 27. Nxc3
Rac8 28. Rfc1 Rfd8 29. Qe3 Qe6 30. Na4 h6 31. Nc5 Qb6 32. Rc4 Nd7 33. Rac1 Nxc5
34. Rxc5 Rxc5 35. Rxc5 f6 36. Qc3 Qa6 37. Qc2 Kh7 38. h4 Qa1 39. Rc7 Rd1 40.
Rxb7 Rb1 41. Qc7 Rb2+ 42. Kh3 Qf1+ 43. Kg4 h5+ 44. Kxh5 Qxf3+ 45. g4 1-0

[Event "BEL-ch U20 Elite"]
[Site "Bruges"]
[Date "2012.04.10"]
[Round "4"]
[White "De Herdt, Yasseen"]
[Black "Capone, Nicola"]
[Result "1/2-1/2"]
[WhiteElo "2078"]
[BlackElo "2127"]
[PlyCount "68"]
[EventDate "2012.04.08"]
[EventType "tourn"]
[EventRounds "9"]
[EventCountry "BEL"]
[SourceTitle "OM OTB B 201907"]
[Source "Opening Master"]
[SourceDate "2019.07.06"]
[SourceVersion "2"]
[SourceVersionDate "2019.07.06"]
[SourceQuality "1"]

1. e4 c5 2. Nf3 d6 3. d4 cxd4 4. Nxd4 Nf6 5. Nc3 Nc6 6. Be2 e5 7. Nb3 Be7 8.
Bg5 Nxe4 9. Bxe7 Nxc3 10. Bxd8 Nxd1 11. Rxd1 Kxd8 12. Rxd6+ Ke7 13. Rd2 Bf5 14.
O-O Rhd8 15. Rfd1 Rxd2 16. Rxd2 Rd8 17. c3 Be6 18. Rxd8 Nxd8 19. Kf1 Bxb3 20.
axb3 e4 21. f3 f5 22. fxe4 fxe4 23. Kf2 Kf6 24. Ke3 Ke5 25. Bd1 Nf7 26. c4 Nd6
27. g4 b6 28. Bc2 h5 29. h3 hxg4 30. hxg4 g5 31. Bb1 a5 32. Bc2 Nb7 33. Bxe4
Nc5 34. Bc2 Na6 1/2-1/2

[Event "Bogota Semana Santa op"]
[Site "Bogota"]
[Date "2012.04.08"]
[Round "8"]
[White "Camargo, Santiago"]
[Black "Tovio, Israel"]
[Result "0-1"]
[WhiteElo "2003"]
[BlackElo "2275"]
[PlyCount "72"]
[EventDate "2012.04.04"]
[EventType "swiss"]
[EventRounds "9"]
[EventCountry "COL"]
[SourceTitle "OM OTB B 201907"]
[Source "Opening Master"]
[SourceDate "2019.07.06"]
[SourceVersion "2"]
[SourceVersionDate "2019.07.06"]
[SourceQuality "1"]

1. e4 c5 2. Nf3 d6 3. d4 cxd4 4. Nxd4 Nf6 5. Nc3 Nc6 6. Be2 e5 7. Nb3 Be7 8.
O-O O-O 9. Be3 a5 10. a4 Nb4 11. Bc4 Qc7 12. Bd5 Nfxd5 13. Nxd5 Nxd5 14. exd5
Bf5 15. c3 Qc4 16. f3 Bg6 17. Nc1 f5 18. Qb3 Qxb3 19. Nxb3 f4 20. Bf2 Bd3 21.
Rfe1 Bc4 22. Nd4 Bxd5 23. Rad1 Bc6 24. Nb5 Bxb5 25. axb5 Rfc8 26. Re4 a4 27. g3
g5 28. c4 Kf7 29. c5 dxc5 30. Rxe5 Bf6 31. Rd7+ Kg8 32. Rf5 Bxb2 33. Rxg5+ Kh8
34. Rh5 a3 35. Rhxh7+ Kg8 36. Rh5 a2 0-1

[Event "Bogota Semana Santa op"]
[Site "Bogota"]
[Date "2012.04.08"]
[Round "8"]
[White "Contreras, Miguel Angel"]
[Black "Cifuentes, John Jairo"]
[Result "0-1"]
[WhiteElo "1798"]
[BlackElo "2114"]
[PlyCount "50"]
[EventDate "2012.04.04"]
[EventType "swiss"]
[EventRounds "9"]
[EventCountry "COL"]
[SourceTitle "OM OTB B 201907"]
[Source "Opening Master"]
[SourceDate "2019.07.06"]
[SourceVersion "2"]
[SourceVersionDate "2019.07.06"]
[SourceQuality "1"]

1. e4 c5 2. Nf3 d6 3. d4 cxd4 4. Nxd4 Nf6 5. Nc3 Nc6 6. Be2 e5 7. Nb3 Be7 8.
Be3 Be6 9. Qd2 O-O 10. O-O a5 11. a4 Nb4 12. Rad1 Rc8 13. Bg5 Nxe4 14. Nxe4
Rxc2 15. Qe3 Bxb3 16. Bxe7 Qxe7 17. Qxb3 Rxe2 18. Nxd6 h6 19. Qf3 Rxb2 20. Qxb7
Qxb7 21. Nxb7 Nc6 22. Rc1 Rxb7 23. Rxc6 Rb4 24. Ra1 Rd8 25. Rc5 Rxa4 0-1

[Event "CN Juniori U14"]
[Site "?"]
[Date "2012.04.08"]
[Round "?"]
[White "Miroi, Robert-Andrei"]
[Black "Radulescu, Vlad-Alexandru"]
[Result "0-1"]
[WhiteElo "1817"]
[BlackElo "1836"]
[PlyCount "54"]
[EventDate "2012.??.??"]
[SourceTitle "OM OTB B 201907"]
[Source "Opening Master"]
[SourceDate "2019.07.06"]
[SourceVersion "2"]
[SourceVersionDate "2019.07.06"]
[SourceQuality "1"]

1. e4 c5 2. Nf3 d6 3. d4 cxd4 4. Nxd4 Nf6 5. Nc3 Nc6 6. Be2 e5 7. Nb3 Be6 8.
O-O a6 9. a4 Be7 10. Be3 O-O 11. f4 exf4 12. Rxf4 d5 13. exd5 Nxd5 14. Nxd5
Bxd5 15. Rf1 Bxb3 16. cxb3 Bf6 17. Qxd8 Raxd8 18. Bc5 Rfe8 19. Bc4 Ne5 20. Rac1
Nxc4 21. Rxc4 Rd2 22. Ba3 h6 23. Bc5 Ree2 24. Bf2 Rxb2 25. b4 b5 26. Rc8+ Kh7
27. a5 Bd4 0-1

[Event "Las Palmas Montalvo Memorial 5th"]
[Site "Las Palmas"]
[Date "2012.04.07"]
[Round "8"]
[White "Perez Castellano, Susana"]
[Black "Lopez Pereyra, Antonio"]
[Result "0-1"]
[WhiteElo "1817"]
[BlackElo "2125"]
[PlyCount "70"]
[EventDate "2012.04.02"]
[EventType "swiss"]
[EventRounds "9"]
[EventCountry "ESP"]
[SourceTitle "OM OTB B 201907"]
[Source "Opening Master"]
[SourceDate "2019.07.06"]
[SourceVersion "2"]
[SourceVersionDate "2019.07.06"]
[SourceQuality "1"]

1. e4 c5 2. Nf3 Nc6 3. d4 cxd4 4. Nxd4 Nf6 5. Nc3 d6 6. Be2 e5 7. Nb3 Be7 8.
Be3 O-O 9. O-O a5 10. a4 Nb4 11. Bf3 Be6 12. Qe2 Qc8 13. Rfd1 Bc4 14. Qd2 Rd8
15. Bb6 Rd7 16. Nxa5 Be6 17. Nb3 d5 18. exd5 Nbxd5 19. Nxd5 Nxd5 20. Bxd5 Bxd5
21. a5 Qc6 22. Rac1 Qg6 23. Qxd5 Rxd5 24. Rxd5 Rc8 25. c3 h5 26. Rxe5 Bd6 27.
Rd5 Bf4 28. Rcd1 Qc2 29. Nc5 Rc6 30. Nxb7 Rg6 31. g3 h4 32. Rd8+ Kh7 33. R8d5
f5 34. R1d3 h3 35. Nc5 Be3 0-1

[Event "Las Palmas Montalvo Memorial 5th"]
[Site "Las Palmas"]
[Date "2012.04.07"]
[Round "8"]
[White "Vega Gutierrez, Belinda Vidina"]
[Black "Meneses Gonzalez, Kevin Moises"]
[Result "1-0"]
[WhiteElo "2177"]
[BlackElo "2248"]
[PlyCount "145"]
[EventDate "2012.04.02"]
[EventType "swiss"]
[EventRounds "9"]
[EventCountry "ESP"]
[SourceTitle "OM OTB B 201907"]
[Source "Opening Master"]
[SourceDate "2019.07.06"]
[SourceVersion "2"]
[SourceVersionDate "2019.07.06"]
[SourceQuality "1"]

1. e4 c5 2. Nf3 d6 3. d4 cxd4 4. Nxd4 Nf6 5. Nc3 Nc6 6. Be2 e5 7. Nb3 Be7 8.
O-O O-O 9. Re1 a5 10. a4 Nb4 11. Bf3 Be6 12. Nd5 Nbxd5 13. exd5 Bf5 14. Be3 Qc7
15. c3 b6 16. g3 Rac8 17. Bg2 Qb7 18. Nd2 Ng4 19. Qb3 Nxe3 20. fxe3 Qc7 21. Bf1
Bd7 22. Nc4 Rb8 23. Na3 f5 24. Nb5 Qb7 25. Rad1 Kh8 26. Rd2 Rf6 27. c4 g5 28.
Bd3 Rbf8 29. Nc3 Qc7 30. Qc2 Qd8 31. Rf2 R8f7 32. Ref1 Qf8 33. b3 h5 34. Qd1
Qh6 35. Be2 g4 36. Qc1 h4 37. Bd3 Kg8 38. Ne2 hxg3 39. hxg3 Rh7 40. Rg2 Rf8 41.
Kf2 Bg5 42. Rgg1 Qf6 43. Rh1 Rxh1 44. Rxh1 f4 45. exf4 exf4 46. gxf4 Bxf4 47.
Nxf4 Qd4+ 48. Kg3 Re8 49. Re1 Re5 50. Bb1 Bc8 51. Rxe5 dxe5 52. Ne2 Qc5 53.
Qg5+ Kf8 54. Qxe5 Qb4 55. Qc3 Qd6+ 56. Nf4 Qc5 57. Qf6+ Kg8 58. Qg6+ Kf8 59.
Qh6+ Ke8 60. Bg6+ Kd8 61. Qg5+ Kc7 62. Qe5+ Kb7 63. Ne2 Qb4 64. Qe3 Qe1+ 65.
Qf2 Qa1 66. Be4 Qh8 67. d6+ Ka6 68. Nf4 Qe5 69. Qe2 Ka7 70. Qd3 Qc5 71. Qd5
Qe3+ 72. Kh4 b5 73. c5 1-0

[Event "Skopje Karposh op"]
[Site "Skopje"]
[Date "2012.04.07"]
[Round "1"]
[White "Krstevski, Vlatko"]
[Black "Nevednichy, Vladislav"]
[Result "0-1"]
[WhiteElo "2148"]
[BlackElo "2562"]
[PlyCount "64"]
[EventDate "2012.04.07"]
[EventType "swiss"]
[EventRounds "9"]
[EventCountry "MKD"]
[SourceTitle "OM OTB B 201907"]
[Source "Opening Master"]
[SourceDate "2019.07.06"]
[SourceVersion "2"]
[SourceVersionDate "2019.07.06"]
[SourceQuality "1"]

1. e4 c5 2. Nf3 Nc6 3. d4 cxd4 4. Nxd4 Nf6 5. Nc3 d6 6. Be2 e5 7. Nb3 Be7 8.
O-O O-O 9. Kh1 a5 10. a4 Be6 11. Nd2 d5 12. exd5 Nxd5 13. Nb5 f5 14. Nc4 Bc5
15. c3 Qh4 16. Qe1 Rad8 17. f3 Qf6 18. Bd1 Nde7 19. Bb3 Kh8 20. Nd2 Bc8 21. Ba2
Nd5 22. Bxd5 Rxd5 23. Nb3 Bb6 24. Be3 Bxe3 25. Qxe3 Rfd8 26. Qb6 h6 27. Nxa5
Nxa5 28. Qxa5 Rd2 29. b4 b6 30. Qa7 R2d7 31. Qa8 Bb7 32. Qa7 Ra8 0-1

[Event "O2C Doeberl Cup Premier"]
[Site "Canberra"]
[Date "2012.04.06"]
[Round "3.23"]
[White "Yu, Sally"]
[Black "Bliznyuk, Andrey"]
[Result "0-1"]
[WhiteElo "1960"]
[BlackElo "2205"]
[PlyCount "98"]
[EventDate "2012.04.05"]
[EventRounds "9"]
[EventCountry "AUS"]

1. e4 c5 2. Nf3 d6 3. d4 cxd4 4. Nxd4 Nf6 5. Nc3 Nc6 6. Be2 e5 7. Nb3 Be7 8.
O-O O-O 9. f4 exf4 10. Bxf4 Ne5 11. Qe1 Qb6+ 12. Kh1 Ng6 13. Bg5 Be6 14. Qg3
Rfc8 15. Be3 Qd8 16. Nd4 Rxc3 17. bxc3 Nxe4 18. Qe1 Bh4 19. Nxe6 fxe6 20. g3
Bf6 21. Bd4 e5 22. Bc4+ d5 23. Qxe4 dxc4 24. Be3 Ne7 25. Rfd1 Qc7 26. Rab1 Qc6
27. Qxc6 bxc6 28. Rd7 a5 29. Rbb7 Re8 30. Ra7 h6 31. Rxa5 Nd5 32. Bd2 e4 33.
Raa7 e3 34. Be1 e2 35. Kg1 Nxc3 36. Kf2 Nd5 37. Ra3 Bd4+ 38. Kf3 c3 39. Rb3
Re3+ 40. Kg2 Re8 41. Kf3 g5 42. Rb1 g4+ 43. Kxg4 Nf6+ 44. Kf3 Nxd7 45. a4 Nb6
46. a5 Nc4 47. Ra1 Nd2+ 48. Kg2 Rf8 49. a6 Ba7 0-1

[Event "FICS rated standard game"]
[Site "FICS freechess.org"]
[Date "2012.04.03"]
[Round "?"]
[White "jcfsousa"]
[Black "faconmortal"]
[Result "1-0"]
[WhiteElo "2086"]
[BlackElo "2199"]
[PlyCount "43"]
[EventDate "2012.??.??"]

1. e4 c5 2. Nf3 Nc6 3. d4 cxd4 4. Nxd4 Nf6 5. Nc3 d6 6. Be2 e5 7. Nf3 Be7 8.
Bg5 O-O 9. O-O Be6 10. Bxf6 Bxf6 11. Qd2 Be7 12. Nd5 f5 13. Nxe7+ Qxe7 14. Bd3
fxe4 15. Bxe4 Kh8 16. Rfe1 Rad8 17. Bd5 Qf6 18. c4 Bxd5 19. cxd5 Ne7 20. Rac1
Rd7 21. Rc4 Qh6 22. Ng5 1-0

[Event "BCF-chT3 1112 (4NCL)"]
[Site "England"]
[Date "2012.03.31"]
[Round "7.25"]
[White "Vives, Pepe"]
[Black "Lunn, Matthew"]
[Result "0-1"]
[WhiteElo "1922"]
[BlackElo "1967"]
[PlyCount "152"]
[EventDate "2011.11.12"]
[EventType "team-swiss"]
[EventRounds "11"]
[EventCountry "ENG"]
[SourceTitle "OM OTB B 201907"]
[Source "Opening Master"]
[SourceDate "2019.07.06"]
[SourceVersion "2"]
[SourceVersionDate "2019.07.06"]
[SourceQuality "1"]

1. e4 c5 2. Nf3 Nc6 3. Nc3 d6 4. d4 cxd4 5. Nxd4 Nf6 6. Be2 e5 7. Nb3 Be7 8.
O-O O-O 9. Be3 Be6 10. Kh1 d5 11. exd5 Nxd5 12. Nxd5 Bxd5 13. f4 exf4 14. Bxf4
a5 15. a4 Bf6 16. c3 Ne5 17. Nd4 Ng6 18. Bg3 Be5 19. Nf5 Bxg3 20. Nxg3 Bc6 21.
Bf3 Qxd1 22. Bxd1 Nh4 23. Rf2 f5 24. Bb3+ Kh8 25. Rd1 f4 26. Nf1 g5 27. Bd5
Rad8 28. Rfd2 Bxa4 29. b3 Rxd5 30. bxa4 Rxd2 31. Rxd2 Nf5 32. Kg1 Kg7 33. Rd5
b6 34. Nd2 Kg6 35. Nc4 Rc8 36. Ne5+ Kf6 37. Nd7+ Ke6 38. Nxb6 Rxc3 39. Rxa5
Rc1+ 40. Kf2 Rc2+ 41. Kg1 Rc1+ 42. Kf2 Rc2+ 43. Kf3 Nh4+ 44. Ke4 Re2+ 45. Kd4
Nf5+ 46. Kd3 Rxg2 47. Nc4 Rxh2 48. Ra6+ Kd5 49. Ra5+ Ke6 50. Rb5 Rh3+ 51. Ke4
Re3+ 52. Nxe3 Nd6+ 53. Kf3 Nxb5 54. Nc2 Nc7 55. Kg4 Kf6 56. a5 Na6 57. Nd4 h6
58. Nf3 Nc5 59. Nd4 Ke5 60. Nb5 Kd5 61. Nc7+ Kc6 62. Ne8 Kb5 63. Nf6 Nd3 64.
Kf3 Kxa5 65. Ng4 h5 66. Nf6 g4+ 67. Kg2 f3+ 68. Kf1 Nf4 69. Kf2 Kb5 70. Ke3 Kc6
71. Ne4 Nd5+ 72. Kf2 Kd7 73. Kg3 Ke6 74. Kh4 Ke5 75. Ng3 Nf6 76. Kg5 Ne4+ 0-1

[Event "OP-02130"]
[Site "LSS"]
[Date "2012.03.31"]
[Round "?"]
[White "Vontina, Maria"]
[Black "Bienkowski, Alejandro"]
[Result "0-1"]
[WhiteElo "791"]
[BlackElo "1969"]
[PlyCount "40"]
[EventDate "2012.03.26"]
[SourceTitle "LSS to Dec2020"]
[Source "LSS ed TH"]
[SourceDate "2021.01.12"]
[SourceVersion "3"]
[SourceVersionDate "2021.01.12"]
[SourceQuality "1"]

1. e4 c5 2. Nf3 Nc6 3. d4 cxd4 4. Nxd4 Nf6 5. Nc3 d6 6. Be2 e5 7. Nb3 Be7 8.
O-O O-O 9. Bg5 Nxe4 10. Bxe7 Nxc3 11. Bxd8 Nxd1 12. Raxd1 Rxd8 13. Nc5 dxc5 14.
Rxd8+ Nxd8 15. Rd1 Be6 16. Bf3 f5 17. a3 e4 18. Be2 Nc6 19. Bb5 Nd4 20. c3 Nxb5
0-1

[Event "Urals-ch"]
[Site "Satka"]
[Date "2012.03.30"]
[Round "7"]
[White "Matvienko, Ivan"]
[Black "Polschikov, Alexey"]
[Result "1-0"]
[WhiteElo "2286"]
[BlackElo "2385"]
[PlyCount "77"]
[EventDate "2012.03.24"]
[EventType "swiss"]
[EventRounds "9"]
[EventCountry "RUS"]
[SourceTitle "OM OTB B 201907"]
[Source "Opening Master"]
[SourceDate "2019.07.06"]
[SourceVersion "2"]
[SourceVersionDate "2019.07.06"]
[SourceQuality "1"]

1. e4 c5 2. Nf3 Nc6 3. d4 cxd4 4. Nxd4 Nf6 5. Nc3 d6 6. Be2 e5 7. Nf3 h6 8. O-O
Be7 9. Re1 O-O 10. Nd2 Be6 11. Nc4 b5 12. Ne3 b4 13. Ncd5 Rc8 14. Bd3 a5 15. a3
bxa3 16. Rxa3 Bxd5 17. exd5 Nb4 18. Bc4 Kh8 19. b3 Re8 20. c3 Rxc4 21. bxc4 Na6
22. Qa4 Nc5 23. Qxa5 Qc8 24. Qb5 Nd3 25. Rd1 e4 26. Ra7 Ne5 27. h3 Nfd7 28. Ba3
Bf8 29. Nf5 Nf6 30. Ne3 g6 31. c5 dxc5 32. d6 Nfd7 33. Rc7 Qd8 34. Bxc5 Kg8 35.
Bb4 Re6 36. c4 Nf6 37. c5 Nd3 38. Rb7 Nh5 39. d7 1-0

[Event "Oberliga NRW 1112"]
[Site "Germany"]
[Date "2012.03.25"]
[Round "8.1"]
[White "Erwich, Marc"]
[Black "Burg, Twan"]
[Result "1-0"]
[WhiteElo "2324"]
[BlackElo "2467"]
[PlyCount "81"]
[EventDate "2011.09.18"]
[EventType "team-tourn"]
[EventRounds "9"]
[EventCountry "GER"]
[SourceTitle "OM OTB B 201907"]
[Source "Opening Master"]
[SourceDate "2019.07.06"]
[SourceVersion "2"]
[SourceVersionDate "2019.07.06"]
[SourceQuality "1"]

1. e4 c5 2. Nf3 d6 3. d4 cxd4 4. Nxd4 Nf6 5. Nc3 Nc6 6. Be2 e5 7. Nb3 Be7 8.
O-O O-O 9. Be3 Be6 10. f4 exf4 11. Rxf4 Ne5 12. Nd5 Ng6 13. Rf1 Nxe4 14. Qd4
Nc5 15. Rad1 Bg5 16. Bxg5 Qxg5 17. Nxc5 dxc5 18. Qxc5 Rfe8 19. c4 Bh3 20. Bf3
Rac8 21. Qf2 Ne5 22. b3 Kh8 23. Rfe1 Re6 24. Qg3 Qxg3 25. hxg3 Bf5 26. Ne3
Nxf3+ 27. gxf3 Rce8 28. Kf2 Bg6 29. Rd7 R6e7 30. Rxe7 Rxe7 31. Rd1 h5 32. Rd8+
Kh7 33. Nd5 Re6 34. Rd7 Ra6 35. a4 b6 36. Ke3 Ra5 37. Kd4 Bc2 38. Kc3 Bd1 39.
Rxf7 Kg6 40. Rf8 Rc5 41. b4 1-0